00829nam a2200229Ii 45000010005000000030009000050080041000140200015000550400033000700410008001030840011001111000031001222450067001532640081002203000012003013360026003133370028003393380027003679400050003949990017004449520138004612140CO-ViMGA241108s9999||||xx |||||||||||||| ||und|| a8888405046 aCO-ViMGAbspaerdacCO-ViMGA0 aspa aC BAS21 aGiambattista Basile94733310aLa gata cenicienta y otras fábulas de "lo cunto de li cunti" 1a[Lugar de publicación no identificado] : Arci Solidarietà Cesenate, 2001 avolumen atextbtxt2rdacontent aunmediatedbn2rdamedia avolumebnc2rdacarrier aidficha_siabuc: 2095. -- ficha_no_siabuc:2140 c41917d41917 001040708001aMEVIGERRbMEVIGERRcGENd2004-09-20hVol.1oC BAS2pECA16587r2024-11-26 09:05:55tEj.1w2024-11-26yBKz2095 | 2497